Criminal minds quiz - Statistics

General Stats
  • This quiz has been taken 1,439 times
    1,426 since last reset
  • The average score is 7 of 10
Answer Stats
Hint Answer % Correct
Where is the fbi base? Quantico
86%
Who took the place of gideon? Rossi
86%
What is the name of jj's son? Henry
84%
Who is the godmother of jj's son Garcia
77%
BAU stands for: Behavioral analysis unit
75%
What is spencer´s iq? 187
68%
Who killed aaron hotchner's wife? George foyet
63%
Who is the actor playing rossi? Joe mantegna
57%
How many words does reid read per second? 20,000
47%
What is prentiss's zodiac sign? Libra
44%
No matching quizzes found
Score Distribution
Percent of People with Each Score
Percentile by Number Answered
Your Score History
You have not taken this quiz since the last reset